000 01938cam a2200409 i 4500
001 EDZ0000050759
003 StDuBDS
005 20161031105115.0
006 m||||||||d||||||||
007 cr |||||||||||
008 111122s2012 cau fo| 001|0|eng|d
020 _a9781452218465 (ebook) :
_cNo price
040 _aStDuBDS
_beng
_cStDuBDS
_erda
_epn
049 _aAlfaisal Main Library
050 0 0 _aLB2806.15
_b.C6923 2012
082 0 4 _a375.001
_223
245 0 0 _aCurriculum and instruction /
_cvolume editor, A. Jonathan Eakle.
264 1 _aThousand Oaks, California :
_bSAGE Publications,
_c2012.
300 _a1 online resource (xxviii, 344 pages).
336 _atext
_2rdacontent
337 _acomputer
_2rdamedia
338 _aonline resource
_2rdacarrier
490 1 _aDebating issues in American education ;
_vvolume 2
504 _aIncludes bibliographical references and index.
520 8 _aThe education of America's school children has many contentious issues. This volume in the point/counterpoint 'Debating Issues in American Education reference series tackles the topic of curriculum and instruction. Each chapter opens with an introductory essay by the volume editor, followed by point/counterpoint articles written and signed by invited experts, and concludes with further readings and resources.
521 _aSpecialized.
588 _aDescription based on online resource; title from home page (viewed on December 10, 2014).
650 0 _aCurriculum planning
_zUnited States.
650 0 _aPublic schools
_xCurricula
_zUnited States.
655 7 _aElectronic books.
_2local
700 1 _aEakle, A. Jonathan,
_d1957-
_eeditor.
710 2 _aSage eBooks
776 0 8 _iPrint version :
_z9781412988087
830 0 _aDebating issues in American education ;
_vvolume 2.
856 4 0 _uhttp://ezproxy.alfaisal.edu/login?url=http://sk.sagepub.com/reference/curriculum-instruction
942 _2lcc
_cEBOOKS
999 _c479454
_d479454